ბათუმის შოთა რუსთაველის სახელმწიფო უნივერსიტეტის ბიბლიოთეკა

დენტალური იმპლანტოლოგია : (ბიბ.ჩანაწერი № 57397)

000 -ლიდერი
ფიქსირებული სიგრძის საკონტროლო ველი 00815nam a22001937a 4500
003 - საკონტროლო ნომრის იდენტიფიკატორი
საკონტროლო ველი Ge_BSU
005 - ბოლო ოპერაციის თარიღი და დრო
საკონტროლო ველი 20200615143449.0
008 - ფიქსირებული სიგრძის მონაცემთა ელემენტები - ზოგადი ინფორმაცია
ფიქსირებული სიგრძის საკონტროლო ველი 200615s2019 ge ||||| |||| 00| 0 geo d
041 ## - ენის კოდი
Language code of text/sound track or separate title geo
080 ## - უნივერსალური ათობითი კლასიფიკაციის ინდექსი
Universal Decimal Classification number 616.3.1 ჩ-31
100 ## - მთავარი ჩანაწერი - პიროვნების სახელი
Personal name ჩაჩხიანი, ბუბა
9 (RLIN) 8429
245 ## - ცნობა სათაურის შესახებ
Title დენტალური იმპლანტოლოგია :
Remainder of title კომპენდიუმი /
Statement of responsibility, etc ბუბა ჩაჩხიანი.; სტომატოლოგიური განათლების საერთაშორისო აკადემია.
264 ## - წარმოების, გამოცემის, დისტრიბუციის და სხვა ცნობები
გამოცემის, წარმოების, დისტრიბუციის... ადგილი თბილიოსი,
გამოცემის, წარმოების, დისტრიბუციის... თარიღი 2019
300 ## - ფიზიკური აღწერა
Extent 81 გვ.
Other physical details 28 სმ.
653 ## - INDEX TERM--UNCONTROLLED
Uncontrolled term სტომატოლოგია
653 ## - INDEX TERM--UNCONTROLLED
Uncontrolled term იმპლანტი
653 ## - INDEX TERM--UNCONTROLLED
Uncontrolled term მედიცინა
942 ## - ADDED ENTRY ELEMENTS (KOHA)
Source of classification or shelving scheme
Koha item type წიგნი
ეგზემპლარები
ჩამოწერის სტატუსი დაკარგული ეგზემპლარის სტატუსი კლასიფიკაციის წყარო ან თაროზე გაწყობის სქემა დაზიანების სტატუსი არ გაიცემა მუდმივი მდებარეობა (დაცვის ადგილი) ამჟამინდელი ადგილსამყოფელი თაროზე განთავსების ადგილი შეძენის თარიღი ღირებულება, შესყიდვის ნორმალური ფასი სრული შენახვის შიფრი შტრიხკოდი ბოლო ოპერაციის თარიღი ეგზემპლარის მიმდევრობითი ნომერი (კეტერი?) ფასის ძალაში შესვლის თარიღი ეგზემპლარის სახეობა საჯარო შენიშვნა
          ბათუმის შოთა რუსთაველის სახელმწიფო უნივერსიტეტის მთავარი ბიბლიოთეკა ბათუმის შოთა რუსთაველის სახელმწიფო უნივერსიტეტის მთავარი ბიბლიოთეკა წიგნსაცავი 2020-06-15 10.00 616.3.1 ჩ-31 29196 2020-06-15 29196 2020-06-15 წიგნი 10 ლ.